| 000 | 00697nam a2200265Ia 4500 | ||
|---|---|---|---|
| 008 | 210210b2000 xxu||||| |||| 00| 0 eng d | ||
| 020 | _a9780126190700 | ||
| 041 | _aeng | ||
| 082 | _a658.314 SANI | ||
| 100 | _aSANSONE (Carol) | ||
| 245 | _aIntrinsic and extrinsic motivation: the search for optimal motivation and performance | ||
| 260 |
_aSan Diego _bAcademic Press _c2000 |
||
| 300 | _axix,489 | ||
| 650 | _asearch | ||
| 650 | _aperformance | ||
| 650 | _aoptimal | ||
| 650 | _amotivation: | ||
| 650 | _amotivation | ||
| 650 | _aIntrinsic | ||
| 650 | _afor | ||
| 650 | _aextrinsic | ||
| 690 | _aPersonnel Management | ||
| 700 | _aHARACKIEWICZ (Judith M) Ed | ||
| 906 | _a072290 | ||
| 999 |
_c90716 _d90716 |
||